Význam prírodných podmienok pre vznik rozvojových a hospodárskych aktivít v banskoštiavnickom regióne A. Signované tehly

Bibliographic Details
Main Authors: Šteffek, Jozef (Author), Eliáš, Michal, 1934-2018 (Author)
Format: Article
Language:Slovak
PhysicalDescription:Obr.
ISBN:8080559821
Subjects:

MARC

LEADER 00000nab a2200000 ar4500
001 vtls009143132
003 SK-MaSNL
005 20260303122317.0
008 070924c2004 xo |r||||||||||00 ||slo
015 |a SNBRA2007/09  |2 snkbucl 
038 |a SNKBUCL 
040 |a SNKBUCL  |b slo  |c SNKBUCL  |e AACR2 
041 1 |a slo 
044 |a xo  |c SK 
080 |a 904:691.41  |x (437.6)  |2 2001 
080 |a 691.41  |x (437.6)  |2 2001 
100 1 |a Šteffek, Jozef  |4 aut  |9 215509 
245 1 0 |a Význam prírodných podmienok pre vznik rozvojových a hospodárskych aktivít v banskoštiavnickom regióne  |n A.  |p Signované tehly  |c Jozef Šteffek, Miroslav Eliáš 
300 |b Obr. 
504 |a Bibliogr. odkazy 
650 0 7 |a hlinené tehly  |2 snkbucl  |9 1136784 
650 0 7 |a signovanie tehál  |2 snkbucl  |9 1136785 
650 0 7 |a signatúry na tehlách  |2 snkbucl  |9 1136786 
650 0 7 |a tehliarske značky  |2 snkbucl  |9 587856 
651 7 |a Banská Štiavnica (Slovensko)  |2 snkbucl  |9 16373 
700 1 |a Eliáš, Michal,  |d 1934-2018  |4 aut  |9 13333 
773 0 |t Acta museologica III  |d Banská Štiavnica : Katedra ekomuzeológie FPV UMB B. Bystrica, 2004  |g S. 105-108  |z 8080559821 
852 |a SNK  |b KIS3GCP 
999 |c 1920313  |d 1922243